书目信息 |
| 题名: |
五代史话
|
|
| 作者: | 沈起炜 著 | |
| 分册: | ||
| 出版信息: | 北京 中国国际广播出版社 2007 |
|
| 页数: | 161页 | |
| 开本: | 23cm | |
| 丛书名: | ||
| 单 册: | ||
| 中图分类: | K243.09 | |
| 科图分类: | ||
| 主题词: | 五代十国时期--历史--通俗读物 | |
| 电子资源: | ||
| ISBN: | 978-7-5078-2767-5 | |
| 000 | 00702n|m0 2200217 450 | |
| 001 | 1554225025 | |
| 005 | 20150119164015.10 | |
| 010 | @a978-7-5078-2767-5@dCNY15.00 | |
| 100 | @a20070327d2007 em y0chiy50 ea | |
| 101 | 0 | @achi |
| 102 | @aCN@b110000 | |
| 105 | @aa z 000yy | |
| 200 | 1 | @a五代史话@9wu dai shi hua@f沈起炜著 |
| 210 | @a北京@c中国国际广播出版社@d2007 | |
| 215 | @a161页@c图@d23cm | |
| 330 | @a本书详细介绍了五代十国时期的重大事件、经济发展、民族关系、中外交流、社会生活、哲学思想、文学艺术、科技发展等。 | |
| 606 | 0 | @a五代十国时期@x历史@j通俗读物 |
| 690 | @aK243.09@v5 | |
| 701 | 0 | @a沈起炜@9shen qi wei@f(1914~)@4著 |
| 801 | 0 | @aCN@bTSSF@c20150119 |
| 905 | @aZUCC@dK243.09@eJY92 | |
| 五代史话/沈起炜著.-北京:中国国际广播出版社,2007 |
| 161页:图;23cm |
| ISBN 978-7-5078-2767-5:CNY15.00 |
| 本书详细介绍了五代十国时期的重大事件、经济发展、民族关系、中外交流、社会生活、哲学思想、文学艺术、科技发展等。 |
| ● |
| 相关链接 |
|
|
|
|
正题名:五代史话
索取号:K243.09/JY92
 
预约/预借
| 序号 | 登录号 | 条形码 | 馆藏地/架位号 | 状态 | 备注 |
| 1 | 7848198 | 278481983 | 学院路分馆/ [索取号:K243.09/JY92] | 在馆 | |
| 2 | 7849295 | 278492953 | 学院路分馆/ [索取号:K243.09/JY92] | 在馆 |